00214nam a2200085Ia 4500008004100000041000800041100001700049245003400066260002800100231212s1988 xx 000 0 und d aeng aDe. Das P.N. aAn Introducation To telephony aCalcuttabHolt Sac1988